000
00321nam a22001337a 4500
008
181022b xxu||||| |||| 00| 0 eng d
020
_a
9780471033066
041
_a
eng
080
_2
9 ed
_a
621
100
_a
37
101
_a
ENG
245
_a
Materials And Process In Manufacturing
_c
Black.J.T
942
_2
udc
_c
BK
999
_c
50387
_d
50387